Music Quiz

Random Music or Album Quiz

'The Police' Songs Quiz Stats

 Plays Quiz Updated Dec 13, 2015

Score 0/53 Timer 10:00
1 Play Today
Album Song % Correct
Outlandos d'AmourRoxanne
89.9%
SynchronicityEvery Breath You Take
84.3%
Zenyatta MondattaDon't Stand So Close To Me
80.4%
Reggatta de BlancMessage in a Bottle
80.2%
Reggatta de BlancWalking on the Moon
70.6%
SynchronicitySynchronicity II
70%
Ghost in the MachineEvery Little Thing She Does Is Magic
67.6%
SynchronicitySynchronicity I
65.6%
SynchronicityKing Of Pain
64%
SynchronicityWrapped Around Your Finger
60.1%
Outlandos d'AmourCan't Stand Losing You
58.5%
Outlandos d'AmourSo Lonely
55.8%
Ghost in the MachineSpirits In The Material World
54.2%
Zenyatta MondattaDe Do Do Do, De Da Da Da
53.4%
Ghost in the MachineInvisible Sun
51.4%
Zenyatta MondattaCanary In A Coalmine
50.8%
SynchronicityTea In The Sahara
48.4%
SynchronicityMother
46.2%
Reggatta de BlancReggatta de Blanc
43.6%
Reggatta de BlancThe Bed's too Big Without You
42.8%
Outlandos d'AmourNext To You
42.6%
Outlandos d'AmourBorn In The 50's
41.6%
SynchronicityMiss Gradenko
41%
SynchronicityWalking In Your Footsteps
40.5%
Outlandos d'AmourPeanuts
39.3%
Outlandos d'AmourBe My Girl--Sally
38.7%
Ghost in the MachineDemolition Man
38.2%
Album Song % Correct
Zenyatta MondattaWhen The World Is Running Down, You Make The Best Of What's Still Around
37.1%
Reggatta de BlancBring on the Night
35.2%
Zenyatta MondattaDriven To Tears
34.1%
Zenyatta MondattaMan In A Suitcase
34.1%
Zenyatta MondattaBehind My Camel
33.6%
Ghost in the MachineOmegaman
33%
SynchronicityO My God
30.2%
Outlandos d'AmourTruth Hits Everybody
29.8%
Outlandos d'AmourHole In My Life
29.8%
Reggatta de BlancOn Any Other Day
29.7%
Ghost in the MachineOne World (Not Three)
28.1%
Ghost in the MachineHungry For You (J'Aurais Toujours Faim de Toi)
28%
Zenyatta MondattaBombs Away
28%
Ghost in the MachineSecret Journey
27.8%
Outlandos d'AmourMasoko Tanga
27.6%
Reggatta de BlancDoes Everyone Stare
26.6%
Reggatta de BlancContact
26.4%
Ghost in the MachineDarkness
26%
Reggatta de BlancDeathwish
25.6%
Zenyatta MondattaVoices Inside My Head
24.9%
Ghost in the MachineRehumanize Yourself
24%
Zenyatta MondattaShadows In The Rain
23.6%
Zenyatta MondattaThe Other Way Of Stopping
23.1%
Reggatta de BlancNo Time this Time
22.8%
Ghost in the MachineToo Much Information
21.5%
Reggatta de BlancIt's Alright For You
20.8%

You're not logged in!

Compare scores with friends on all Sporcle quizzes.
OR
Log In

Sporcle TV

Today on Sporcle TV


Watch our educational content, quiz creation guides, and fun videos on Sporcle TV.

Show Comments

Extras

Top Quizzes Today


Score Distribution

Your Account Isn't Verified!

In order to create a playlist on Sporcle, you need to verify the email address you used during registration. Go to your Sporcle Settings to finish the process.

Report this User

Report this user for behavior that violates our Community Guidelines.

Details: